Expo a l'abast : catàleg d'exposicions itinerants [Recurs electrònic] : 2003 - 2004 / [coordinació: Carme Rius Font] catàleg d'exposicions itinerants [Recurs electrònic] :
Publicado:
Barcelona :
Diputació de Barcelona. Àrea de Cultura. Oficina de Patrimoni Cultural ,
2004
Descripción Física:
1 disc òptic (CD-ROM) ; 12 cm
Otros Autores:
Rius Font, Carme
MARC
| LEADER | 00000nam a2200000Ia 4500 | ||
|---|---|---|---|
| 001 | 18806 | ||
| 008 | 160829s2004 xx 000 0 cat d | ||
| 080 | |a CD-1-79 | ||
| 245 | |a Expo a l'abast : |b catàleg d'exposicions itinerants [Recurs electrònic] : |b 2003 - 2004 / [coordinació: |b Carme Rius Font] | ||
| 260 | |a Barcelona : |b Diputació de Barcelona. Àrea de Cultura. Oficina de Patrimoni Cultural, |c 2004 | ||
| 300 | |a 1 disc òptic (CD-ROM) ; |c 12 cm | ||
| 590 | |a Requeriments del sistema: Windows 95 o superior, monitor 800x600 | ||
| 650 | |a Esxposicions itinerants |x Barcelona |x Catàlegs |9 44098 | ||
| 700 | 1 | |a Rius Font, Carme |e coordinadora |9 25867 | |
| 710 | 1 | |a Barcelona (Catalunya : Província). |b Oficina de Patrimoni Cultural |9 52675 | |
| 710 | 1 | |a Barcelona (Catalunya : Província). |b Àrea de Cultura |9 53536 | |
| 901 | |a Arxiu | ||
| 942 | |n 1 |2 udc | ||
| 952 | |0 0 |1 0 |4 0 |6 CD179 |7 1 |9 51795 |a Arxiu |b Arxiu |d 2016-12-01 |l 0 |o CD-1-79 |p 18806 |r 2016-12-01 00:00:00 |w 2016-12-01 |y ARXIU | ||
| 999 | |c 55641 |d 55641 | ||